Представление документа в формате MARC21

Поле Инд. ПП Название Значение
Тип записи a
Библиографический уровень b
001 Контрольный номер RU/IS/BASE/441218640
005 Дата корректировки 20200522191632.1
008 Кодируемые данные 20131224
040 b Код языка каталог. rus
e Правила каталог. PSBO
041 0_ a Код языка текста rus
084 a Индекс другой классификации/Индекс ББК 65.050
100 1_ a Автор Мурлаева Л.
245 10 a Заглавие Государственное регулирование развитие малых и средних форм бизнеса при формировании инновационного уклада экономики России
504 a Библиография Лит. в конце статьи
520 a Аннотация Дается краткий обзор направлений государственной поддержки малых и средних форм бизнеса инновационной направленности. Этот обзор призван систематизировать представление о существующем положении перехода России к инновационному типу развития. Обозначены основные направления перехода экономики России к инновационному типу развития, а также выявлены проблемы перехода к инновационному типу развития.
650 14 a Основная рубрика управление экономикой
a Основная рубрика экономика
653 1_ a Ключевые слова государственное регулирование экономики
a Ключевые слова инновационная экономика
a Ключевые слова инновационное управление
a Ключевые слова конкурентоспособность экономики
a Ключевые слова макроэкономика
a Ключевые слова малый бизнес
a Ключевые слова предпринимательская активность
a Ключевые слова средний бизнес
a Ключевые слова стратегическое управление
a Ключевые слова управление бизнесом
a Ключевые слова целевые программы
a Ключевые слова экономический рост
a Ключевые слова эффективность экономики
773 08 t Заглавие источника РИСК: ресурсы, информация, снабжение, конкуренция
d Дата издания источника 2012
g Прочая информация № 3. - С. 174 - 179 : табл., диагр.
w Контрольный № источника RU/IS/BASE/407439363
901 t Тип документа b